| 000 | 00771cam a2200265 4500 | ||
|---|---|---|---|
| 001 | WS107658 | ||
| 008 | 000000n 000 0 eng u | ||
| 035 | _a(Sirsi) u107658 | ||
| 110 |
_aUrban Land Institute _93094 |
||
| 245 | _aUrban Land Institute | ||
| 520 | _aSite for this American institution including news headlines and a link to their journals 'Urban Land' and 'Urban Land Europe' | ||
| 650 | _aUSA | ||
| 650 | _aURBAN LAND | ||
| 650 | _aURBAN RENEWAL | ||
| 650 | _aFINANCE | ||
| 650 | _aPLANNING | ||
| 650 | _aINTERNATIONAL | ||
| 650 | _aORGANISATION | ||
| 650 | _aHOUSING | ||
| 650 | _aRETAIL | ||
| 650 | _aOFFICES | ||
| 690 | _aREGENERATION | ||
| 856 | 4 | 0 |
_uhttps://www.uli.org _zView the website free of charge at www.uli.org... |
| 942 | _n0 | ||
| 999 |
_c119586 _d119586 |
||